| 000 | 01438nam2a22002771 4500 | ||
|---|---|---|---|
| 001 | RU\NLR\INFOCOMM31\5000037958 | ||
| 005 | 20250810041552.0 | ||
| 035 | _a(NLR Aleph) 002358556 | ||
| 090 |
_a4535053 _c4535053 |
||
| 100 | _a20041123d1941 u y0rusy50 ca | ||
| 101 | 0 | _arus | |
| 102 | _aRU | ||
| 105 | _ay ||||000|y | ||
| 200 | 1 |
_aСпокойные солнечно-суточные вариации земного магнетизма _fН.П. Бенькова _gНауч.-исслед. ин-т земного магнетизма |
|
| 210 | _d1941 | ||
| 461 | 0 |
_1001RU\NLR\INFOCOMM31\5000037949 _12001#$aТруды научно-исследовательских учреждений Гидрометслужбы СССР$hСерия 6$iЗемной магнетизм$vВып.1 _94535040 _aСССР. Главное управление гидрометеорологической службы _cЛ. _d1941-1946 _hСерия 6 _iЗемной магнетизм _nГидрометеоиздат _tТруды научно-исследовательских учреждений Гидрометслужбы СССР _vВып.1 |
|
| 700 | 1 |
_aБенькова _bН.П. _4070 |
|
| 801 | 1 |
_aRU _bInfoComm _c20041123 |
|
| 801 | 0 |
_aRU _bNLR _gPSBO |
|
| 852 |
_aNLR _bГн10 _jГ-8/2 |
||
| 942 | _cISSUE | ||
| 945 | _aРоссийская национальная библиотека | ||
| 980 | _aNB | ||
| 980 | _aBV | ||
| 980 | _aRUSPER | ||